Roblox Piggy Maps - Statistics

General Stats
  • This quiz has been taken 332 times
    295 since last reset
  • The average score is 22 of 32
Answer Stats
Hint Answer % Correct
Book 1: Chapter 1 House
99%
Book 1: Chapter 2 Station
93%
Book 1: Chapter 3 Gallery
92%
Book 1: Chapter 6 Hospital
92%
Book 1: Chapter 8 Carnival
91%
Book 1: Chapter 4 Forest
91%
Book 1: Chapter 10 Mall
91%
Book 1: Chapter 5 School
91%
Book 1: Chapter 9 City
89%
Book 1: Chapter 7 Metro
89%
Book 1: Chapter 12 Plant
88%
Book 1: Chapter 11 Outpost
87%
Book 2: Chapter 1 Alleys
77%
Book 2: Chapter 2 Store
73%
Book 1: Character Focused Chapter (Georgie) Distorted Memory
70%
Book 2: Chapter 12 Lab
70%
Book 2: Chapter 8 Ship
68%
Book 2: Chapter 6 Factory
66%
Book 2: Chapter 3 Refinery
66%
Book 2: Chapter 9 Docks
64%
Book 2: Chapter 5 Sewers
64%
Book 2: Chapter 4 Safe Place
63%
Book 2: Ready Player 2 Temple
61%
Book 2: Chapter 10 Temple
61%
Book 2: Chapter 11 Camp
59%
Book 2: Chapter 7 Port
59%
Book 2: Halloween Mansion
52%
Book 2: Character Focused Chapter (Tigry) Breakout
48%
Book 2: Character Focused Chapter (Zizzy) Distraction
47%
Book 2: Character Focused Chapter (Pony/Willow) Heist
47%
Book 2: Winter Winter Holiday
38%
Book 2: RB Battles Theater
4%
No matching quizzes found
Score Distribution
Percent of People with Each Score
Percentile by Number Answered
Your Score History
You have not taken this quiz since the last reset